[Event "ICS rated blitz match"]
[Site "204.178.125.65"]
[Date "2000.02.04"]
[Round "?"]
[White "MarkOrr"]
[Black "Hossa"]
[Result "1/2-1/2"]
[WhiteElo "2195"]
[BlackElo "2328"]
[PlyCount "70"]

1. d4 Nf6 2. Bg5 Ne4 3. Bf4 d5 4. e3 c5 5. Bd3 Qb6 6. Bxe4 Qxb2 7. Bxd5 Qxa1 8.
Ne2 cxd4 9. exd4 Nc6 10. O-O Nb4 11. Bb3 Bg4 12. f3 Bf5 13. g4 Bg6 14. Qd2 e5
15. Bxe5 Qb2 16. f4 f6 17. f5 fxe5 18. fxg6 O-O-O 19. Nbc3 exd4 20. Nb5 Nc6 21.
Qf4 Rd7 22. Qxf8+ Rxf8 23. Rxf8+ Rd8 24. Rxd8+ Nxd8 25. gxh7 Qa1+ 26. Kg2 Qe1
27. h8=Q Qxe2+ 28. Kg3 Qe3+ 29. Kg2 Qe2+ 30. Kg3 Qe3+ 31. Kg2 Qe2+ 32. Kg3 Qe3+
33. Kg2 Qe2+ 34. Kg3 Qe3+ 35. Kg2 Qe2+ 1/2-1/2

[Event "ICS rated blitz match"]
[Site "204.178.125.65"]
[Date "2000.02.05"]
[Round "?"]
[White "Hossa"]
[Black "PostModernist"]
[Result "1-0"]
[WhiteElo "2322"]
[BlackElo "2462"]
[PlyCount "89"]

1. e4 Nf6 2. e5 Nd5 3. c4 Nb6 4. d4 d6 5. f4 dxe5 6. fxe5 Nc6 7. Be3 Bf5 8. Nf3
e6 9. Be2 Be7 10. O-O Bg4 11. h3 Bxf3 12. gxf3 Qd7 13. Qd3 f6 14. f4 O-O-O 15.
Rd1 g5 16. fxg5 fxg5 17. Nc3 Rhf8 18. Ne4 h6 19. Nf2 Na4 20. Rab1 Nb4 21. Qg6
Rg8 22. Qxh6 Rh8 23. Qg6 Rdg8 24. Qe4 Nxa2 25. Ra1 N2c3 26. bxc3 Nxc3 27. Rxa7
c6 28. Qc2 Nxd1 29. Bxd1 Bb4 30. Qb1 Kb8 31. d5 c5 32. Qa2 exd5 33. cxd5 Kc7
34. Bxc5 Qxh3 35. Bd6+ Bxd6 36. Qa5+ Kc8 37. Nxh3 g4 38. exd6 gxh3+ 39. Kh1
Rg1+ 40. Kxg1 Rg8+ 41. Kh1 Rg1+ 42. Kxg1 h2+ 43. Kxh2 b6 44. Bg4+ Kd8 45. Ra8#
1-0

[Event "ICS rated blitz match"]
[Site "204.178.125.65"]
[Date "2000.02.05"]
[Round "?"]
[White "PostModernist"]
[Black "Hossa"]
[Result "1-0"]
[WhiteElo "2440"]
[BlackElo "2343"]
[PlyCount "99"]
[EventDate "2000.??.??"]

1. d4 Nf6 2. c4 e6 3. Nc3 Bb4 4. e3 c5 5. Bd3 Nc6 6. a3 Bxc3+ 7. bxc3 O-O 8.
Ne2 d5 9. cxd5 exd5 10. O-O Qd6 11. dxc5 Qxc5 12. a4 Re8 13. Ba3 Qa5 14. Rb1
Qd8 15. Nd4 Ne5 16. Re1 Ne4 17. Bxe4 dxe4 18. Qe2 Qa5 19. Qb5 Qd8 20. Red1 Bg4
21. Rd2 b6 22. h3 Bd7 23. Qb3 Qc7 24. Nb5 Bxb5 25. axb5 Nd3 26. f4 Rac8 27. Bb4
Qd7 28. Ra1 Rc7 29. Qa4 g6 30. Rda2 g5 31. fxg5 Re5 32. h4 Rxb5 33. Bd6 Rxc3
34. Qxe4 a5 35. Ra3 Rbb3 36. Rxb3 Rxb3 37. Qa8+ Kg7 38. Qf8+ Kg6 39. Qh6+ Kf5
40. Qf6+ Kg4 41. g6 Rb5 42. gxh7 Qf5 43. Qg7+ Qg6 44. Qd4+ Kf5 45. h8=Q Qxg2+
46. Kxg2 Rb2+ 47. Kg3 Rg2+ 48. Kxg2 Ne1+ 49. Rxe1 f6 50. Qhxf6# 1-0

[Event "ICS rated standard match"]
[Site "204.178.125.65"]
[Date "2000.02.05"]
[Round "?"]
[White "JudgeTurpin"]
[Black "Hossa"]
[Result "1-0"]
[WhiteElo "2347"]
[BlackElo "2253"]
[PlyCount "55"]
[EventDate "2000.??.??"]

1. e4 e5 2. Nc3 Nf6 3. Nf3 Bb4 4. Nxe5 Qe7 5. Nf3 Bxc3 6. dxc3 Nxe4 7. Be2 O-O
8. O-O d5 9. Re1 Rd8 10. Bd3 Bg4 11. c4 c6 12. Bf4 Qf6 13. cxd5 cxd5 14. Qc1
Qb6 15. Be3 Qb4 16. c3 Qe7 17. Nd4 Bd7 18. Bf4 Qc5 19. f3 Nd6 20. Bh6 f6 21.
Be3 Qc8 22. Qc2 h6 23. Bf4 Qc5 24. Kh1 Kf8 25. Qf2 Kg8 26. Bxh6 Nf7 27. Bxg7
Qd6 28. Qh4 1-0

[Event "ICS rated blitz match"]
[Site "204.178.125.65"]
[Date "2000.02.05"]
[Round "?"]
[White "Hossa"]
[Black "PostModernist"]
[Result "0-1"]
[WhiteElo "2331"]
[BlackElo "2452"]
[PlyCount "118"]
[EventDate "2000.??.??"]

1. e4 Nf6 2. e5 Nd5 3. c4 Nb6 4. d4 d6 5. f4 dxe5 6. fxe5 Nc6 7. Be3 Bf5 8. Nf3
e6 9. Be2 Be7 10. O-O O-O 11. a4 Nb4 12. Na3 a5 13. Rc1 c6 14. Qb3 Be4 15. Nd2
Bg6 16. Rcd1 Bg5 17. Bf2 Bf5 18. Nf3 Be7 19. Be3 Re8 20. Rf2 Qc7 21. Rdf1 Rad8
22. Nd2 Bh4 23. g3 Be7 24. Bh5 g6 25. Be2 c5 26. Nb5 Qc8 27. Kh1 Bc2 28. Qa3
cxd4 29. Bxd4 Nd3 30. Qc3 Nxf2+ 31. Rxf2 Bxa4 32. Qxa5 Bxb5 33. Bxb6 Bc6+ 34.
Nf3 Rd7 35. b3 Be4 36. Kg1 Rf8 37. Nd2 Bd3 38. Bf1 Bxf1 39. Rxf1 Qc6 40. Nf3
Rd3 41. Nd4 Qd7 42. Qa7 f6 43. exf6 Bxf6 44. Nc2 Rxb3 45. Bc5 Be7 46. Bf2 Rb2
47. Nd4 e5 48. Nb5 Qd3 49. Nc7 Qxc4 50. Qa1 Rbxf2 51. Rxf2 Bc5 52. Kg2 Rxf2+
53. Kh3 Qe2 54. Qa8+ Bf8 55. Qa2+ Qxa2 56. Nd5 Rxh2+ 57. Kg4 Qe2+ 58. Kg5 Qh5+
59. Kf6 Qf5# 0-1

[Event "ICS rated blitz match"]
[Site "204.178.125.65"]
[Date "2000.02.05"]
[Round "?"]
[White "thomasv"]
[Black "Hossa"]
[Result "0-1"]
[WhiteElo "1949"]
[BlackElo "2320"]
[PlyCount "46"]

1. d4 Nf6 2. c4 e6 3. Nc3 Bb4 4. a3 Bxc3+ 5. bxc3 c5 6. Nf3 Qa5 7. Bd2 Ne4 8.
Qc2 Nxd2 9. Qxd2 d5 10. e3 Nc6 11. Bd3 O-O 12. h4 Qb6 13. Qe2 Qb3 14. Rd1 Qxc3+
15. Kf1 dxc4 16. Bxh7+ Kxh7 17. Ng5+ Kh6 18. Qg4 e5 19. Qg3 Qb3 20. Re1 cxd4
21. h5 Bf5 22. e4 Qxg3 23. fxg3 Kxg5 0-1

[Event "ICS rated blitz match"]
[Site "204.178.125.65"]
[Date "2000.02.05"]
[Round "?"]
[White "Hossa"]
[Black "cfd"]
[Result "1-0"]
[WhiteElo "2323"]
[BlackElo "2149"]
[PlyCount "79"]

1. d4 d6 2. Nf3 Nf6 3. e3 g6 4. Bb5+ c6 5. Bd3 Bg7 6. O-O Nbd7 7. e4 Qc7 8. Bg5
e5 9. dxe5 dxe5 10. Qd2 O-O 11. Rd1 Nc5 12. Nc3 Bg4 13. Bxf6 Bxf6 14. Be2 Rfd8
15. Qh6 Bg7 16. Qh4 Bxf3 17. Bxf3 Ne6 18. Ne2 Rxd1+ 19. Rxd1 Rd8 20. Rxd8+ Qxd8
21. Qxd8+ Nxd8 22. Bg4 Kf8 23. g3 Ke7 24. a4 b6 25. b4 b5 26. axb5 cxb5 27. Nc3
a6 28. Bc8 Nc6 29. Nd5+ Kd6 30. Bxa6 Nd4 31. c3 Ne6 32. Bxb5 f5 33. c4 fxe4 34.
Nc3 Ng5 35. c5+ Kc7 36. Kh1 e3 37. fxe3 e4 38. Nd5+ Kb7 39. c6+ Kc8 40. Ba6+
1-0

[Event "ICS rated blitz match"]
[Site "204.178.125.65"]
[Date "2000.02.05"]
[Round "?"]
[White "cfd"]
[Black "Hossa"]
[Result "0-1"]
[WhiteElo "2140"]
[BlackElo "2332"]
[PlyCount "45"]

1. d4 Nf6 2. Nf3 c5 3. e3 e6 4. Bd3 d5 5. c3 Be7 6. Nbd2 O-O 7. Ne5 Nbd7 8. f4
cxd4 9. exd4 Nb8 10. O-O Nc6 11. Qf3 Qb6 12. Kh1 Bd6 13. g4 g6 14. g5 Ne8 15.
Ng4 f6 16. gxf6 Nxf6 17. Ne5 a5 18. Qg3 Ne7 19. Ndf3 Ne4 20. Qh3 Bxe5 21. Nxe5
a4 22. Rb1 Nf5 23. Rg1 0-1

[Event "ICS Rated blitz match"]
[Site "204.178.125.65"]
[Date "2000.02.05"]
[Round "?"]
[White "Hossa"]
[Black "AnatKarp"]
[Result "0-1"]
[WhiteElo "2340"]
[BlackElo "2268"]
[PlyCount "134"]
[EventDate "2000.??.??"]

1. d4 e6 2. Bf4 Nf6 3. e3 Be7 4. Bd3 O-O 5. c4 d5 6. Nf3 Nh5 7. Bg3 dxc4 8.
Bxc4 Nxg3 9. hxg3 Nd7 10. Qc2 h6 11. Nbd2 Nb6 12. O-O-O c5 13. dxc5 Bxc5 14.
Ne4 Qe7 15. Bd3 Bb4 16. Ne5 Nd7 17. Nc4 Rd8 18. a3 Bc5 19. g4 Rb8 20. Nxc5 Nxc5
21. Bh7+ Kh8 22. Rxd8+ Qxd8 23. Rh5 b6 24. b4 Nd7 25. Bd3 Bb7 26. f3 Rc8 27.
Kb1 Kg8 28. b5 Bd5 29. e4 Bxc4 30. Bxc4 Rc7 31. Qd3 Qc8 32. Bb3 Rc3 33. Qd1 Nc5
34. Bc2 Rxa3 35. Qd6 Rc3 36. Rh3 Nxe4 37. fxe4 Rxc2 38. Qd3 Rxg2 39. Rh1 Qc5
40. Qb3 Rxg4 41. Qa4 Qe3 42. Rd1 Rxe4 43. Qc2 f5 44. Ka2 Rd4 45. Rxd4 Qxd4 46.
Qc8+ Kf7 47. Kb3 Qd5+ 48. Kb4 h5 49. Qc7+ Kf6 50. Qc8 Qc5+ 51. Qxc5 bxc5+ 52.
Kxc5 h4 53. Kc6 h3 54. Kc7 h2 55. b6 h1=Q 56. b7 Qc1+ 57. Kd7 Qd2+ 58. Kc8 Qc3+
59. Kd7 Qd3+ 60. Kc7 Qc4+ 61. Kd7 Qb5+ 62. Kd6 Qb6+ 63. Kd7 Qxb7+ 64. Kd6 Qb5
65. Kc7 Ke7 66. Kc8 Kd6 67. Kd8 Qd7# 0-1

[Event "ICS rated blitz match"]
[Site "204.178.125.65"]
[Date "2000.02.05"]
[Round "?"]
[White "Hossa"]
[Black "AnatKarp"]
[Result "1/2-1/2"]
[WhiteElo "2321"]
[BlackElo "2287"]
[PlyCount "171"]
[EventDate "2000.??.??"]

1. d4 e6 2. c4 d5 3. Nc3 Nf6 4. e3 Bb4 5. cxd5 Nxd5 6. Nge2 O-O 7. e4 Nxc3 8.
bxc3 Bd6 9. g3 e5 10. Bg2 exd4 11. cxd4 Nc6 12. O-O Qe7 13. e5 Bb4 14. a3 Ba5
15. Rb1 Bb6 16. Rb2 Bf5 17. Bxc6 bxc6 18. Nf4 Rad8 19. Rd2 Ba5 20. Ra2 c5 21.
Qa4 Bb6 22. dxc5 Bxc5 23. Re1 Rfe8 24. Qc4 Rd4 25. Qc3 Re4 26. Rxe4 Bxe4 27.
Re2 Qxe5 28. Qxe5 Rxe5 29. Nd3 Rd5 30. Rxe4 Rxd3 31. Re8+ Bf8 32. Be3 Rc3 33.
Bxa7 f6 34. Rc8 Kf7 35. a4 Bd6 36. Be3 Ra3 37. Ra8 Ra2 38. Kg2 g5 39. a5 c5 40.
Kf3 h5 41. Ra6 Be7 42. Ke4 c4 43. Kd4 Bd8 44. Ra7+ Ke6 45. Kxc4 Rxa5 46. Rxa5
Bxa5 47. h3 g4 48. hxg4 hxg4 49. Kb5 Bc3 50. Kc4 Be5 51. Bb6 Kf5 52. Kd5 Bc3
53. Bc5 Kg6 54. Ke4 f5+ 55. Kd5 Bf6 56. Bb6 Bg7 57. Bd4 Bf8 58. Be5 Be7 59. Kc4
Bd8 60. Kd5 Bb6 61. Bd4 Bc7 62. Ke6 Bd8 63. Kd6 Ba5 64. Ba7 Bc3 65. Kd5 Bb4 66.
Be3 Kf6 67. Bd4+ Kg6 68. Ke5 Bd2 69. Bc5 Bg5 70. Bb4 Bf6+ 71. Kd5 Kf7 72. Bd6
Bc3 73. Be5 Be1 74. Bd4 Bb4 75. Ke5 Kg6 76. Ke6 Bd2 77. Ke5 Bg5 78. Bc5 Bd8 79.
Ke6 Bf6 80. Kd5 Bb2 81. Bd4 Bxd4 82. Kxd4 Kh6 83. Kd5 Kh5 84. Kd6 Kh6 85. Kd5
Kh5 86. Kd6 1/2-1/2

[Event "ICS rated standard match"]
[Site "204.178.125.65"]
[Date "2000.02.05"]
[Round "?"]
[White "Hossa"]
[Black "BountyHunter"]
[Result "0-1"]
[WhiteElo "2241"]
[BlackElo "2590"]
[PlyCount "86"]

1. d4 d5 2. c4 c6 3. Nf3 Nf6 4. Qc2 dxc4 5. Qxc4 Bf5 6. Nc3 e6 7. Bg5 Qb6 8.
O-O-O Nbd7 9. Nh4 Qa5 10. Bd2 h6 11. Nxf5 Qxf5 12. f3 Qa5 13. Nb1 Qb6 14. e4
Be7 15. Nc3 O-O 16. Na4 Qc7 17. Qb3 b5 18. Nc3 Nb6 19. Be3 a6 20. g3 c5 21. d5
exd5 22. Nxd5 Nbxd5 23. exd5 Rad8 24. Bf4 Bd6 25. Be3 c4 26. Qc3 Be5 27. Bb6
Qxb6 28. Qxe5 Rfe8 29. Qd4 Qa5 30. d6 Qxa2 31. g4 b4 32. Rg1 c3 33. bxc3 Qa1+
34. Kc2 b3+ 35. Kd2 Qa2+ 36. Kd3 Qc2+ 37. Kc4 Rc8+ 38. Kb4 Rb8+ 39. Qb6 Rxb6+
40. Kc5 Qxc3+ 41. Kxb6 Nd7+ 42. Kxa6 Qc5 43. Bb5 Qb6# 0-1

[Event "ICS Rated blitz match"]
[Site "204.178.125.65"]
[Date "2000.02.05"]
[Round "?"]
[White "Yofi-tofi"]
[Black "Hossa"]
[Result "0-1"]
[WhiteElo "2175"]
[BlackElo "2319"]
[PlyCount "54"]

1. d4 Nf6 2. e3 g6 3. h4 Bg7 4. Nc3 d5 5. Be2 Nc6 6. h5 Nxh5 7. Bxh5 gxh5 8.
Qxh5 Nb4 9. Rb1 c5 10. Nf3 cxd4 11. exd4 Nxc2+ 12. Kd1 Nxd4 13. Nxd4 Bxd4 14.
Bg5 Bf5 15. Rc1 Bxf2 16. Rf1 Qd7 17. Kd2 Bg4 18. Qh2 Bd4 19. Qf4 e5 20. Qf6
Bxc3+ 21. Rxc3 Rg8 22. Re1 e4 23. Rec1 Rxg5 24. Qxg5 Qf5 25. Qe3 d4 26. Qxd4
Rd8 27. Rc8 Qf2+ 0-1

[Event "ICS rated blitz match"]
[Site "204.178.125.65"]
[Date "2000.02.05"]
[Round "?"]
[White "Hossa"]
[Black "Yofi-tofi"]
[Result "1-0"]
[WhiteElo "2329"]
[BlackElo "2165"]
[PlyCount "63"]

1. d4 Nf6 2. c4 e6 3. Nf3 b6 4. a3 Ba6 5. e3 c5 6. Nc3 d5 7. Ne5 dxc4 8. Bxc4
Bxc4 9. Nxc4 cxd4 10. exd4 Be7 11. Ne5 O-O 12. O-O Nfd7 13. Qf3 Nxe5 14. Qxa8
Nec6 15. Rd1 Bd6 16. d5 exd5 17. Nxd5 Qh4 18. g3 Qh5 19. Nf6+ gxf6 20. Rxd6 Ne5
21. Qxa7 Nf3+ 22. Kg2 Nc6 23. Qa4 Nce5 24. h4 Qg6 25. Rxb6 Qd3 26. Bh6 Nd4 27.
Qd1 Qe4+ 28. Kh3 Qf5+ 29. g4 Qxf2 30. Qf1 Qc2 31. Bxf8 Qd3+ 32. Qxd3 1-0

[Event "ICS rated blitz match"]
[Site "204.178.125.65"]
[Date "2000.02.05"]
[Round "?"]
[White "PostModernist"]
[Black "Hossa"]
[Result "1-0"]
[WhiteElo "2522"]
[BlackElo "2338"]
[PlyCount "103"]
[EventDate "2000.??.??"]

1. e4 Nf6 2. Nc3 d5 3. exd5 Nxd5 4. Bc4 Nb6 5. Bb3 Nc6 6. Nf3 Bf5 7. O-O e6 8.
d4 Be7 9. Bf4 g5 10. Be3 Na5 11. Ne5 Nxb3 12. axb3 c6 13. Qe2 O-O 14. f4 gxf4
15. Rxf4 Bd6 16. Rf3 Bxe5 17. dxe5 f6 18. g4 Bxg4 19. Qg2 f5 20. h3 h5 21. hxg4
hxg4 22. Bc5 Rf7 23. Rh3 Nd7 24. Bd6 Qg5 25. Qg3 Nb6 26. Rh2 f4 27. Qh4 Qxh4
28. Rxh4 Rg7 29. Ne4 Kf7 30. Nf6 Rd8 31. Rxa7 Rxd6 32. Rxb7+ Nd7 33. Nxd7 Rd1+
34. Kg2 Rd2+ 35. Kf1 Rg5 36. Rh6 Kg7 37. Rxe6 Rxc2 38. Nb8+ Kh8 39. Rh6+ Kg8
40. Nxc6 Rc1+ 41. Ke2 Rc5 42. Ne7+ Kf8 43. Rh8+ Kf7 44. Kd3 f3 45. Nf5+ Ke6 46.
Re7+ Kd5 47. Rd8+ Kc6 48. Nd4+ Kb6 49. Rd6+ Rc6 50. Rxc6+ Ka5 51. Ra7+ Kb4 52.
Ra4# 1-0

[Event "ICS rated blitz match"]
[Site "204.178.125.65"]
[Date "2000.02.05"]
[Round "?"]
[White "Hossa"]
[Black "PostModernist"]
[Result "1-0"]
[WhiteElo "2330"]
[BlackElo "2530"]
[PlyCount "173"]

1. e4 Nf6 2. Nc3 d5 3. exd5 Nxd5 4. Bc4 e6 5. Nf3 Be7 6. O-O O-O 7. d4 Nxc3 8.
bxc3 c5 9. Bf4 Nc6 10. Qd3 b6 11. Qe4 Qe8 12. Bd3 f5 13. Qe3 Bd7 14. Rae1 Rf6
15. Bc4 Na5 16. Ba6 Bc6 17. Bg5 Rg6 18. h4 Bxf3 19. Qxf3 Bxg5 20. hxg5 Rd8 21.
dxc5 bxc5 22. Re5 Qf8 23. Bd3 Qd6 24. Qe3 Nc6 25. Rxc5 Ne7 26. Rb5 Qc7 27. c4
a6 28. Re5 Qc6 29. Re1 Rd6 30. c5 Nd5 31. Qd4 Rd7 32. Qc4 a5 33. Bxf5 exf5 34.
Rd1 Rxg5 35. f4 Rg6 36. Rdxd5 Rxd5 37. Rxd5 Qe6 38. Rd8+ Kf7 39. Qd5 Rf6 40.
Qd7+ Kg6 41. Qxe6 Rxe6 42. Rd6 Kf7 43. Rd7+ Kf6 44. Ra7 Re4 45. Ra6+ Ke7 46.
Rxa5 Rxf4 47. a4 Rc4 48. Kh2 h6 49. Ra7+ Kf6 50. Ra6+ Ke5 51. Rg6 Rxa4 52. Rxg7
Rc4 53. Re7+ Kd4 54. Re2 Kxc5 55. Rf2 Kb4 56. Kg3 Kc3 57. Rf4 Rc6 58. Rf2 Rc8
59. Kf4 Kb2 60. Ke5 h5 61. Rxf5 Kxc2 62. Kf4 h4 63. Kg4 Rc4+ 64. Rf4 Rxf4+ 65.
Kxf4 Kd3 66. Kg5 Ke4 67. Kxh4 Kf5 68. Kh5 Kf6 69. g3 Kg7 70. Kg5 Kh7 71. Kf6
Kg8 72. g4 Kf8 73. Kg6 Ke7 74. g5 Ke6 75. Kh7 Kd6 76. g6 Kd5 77. g7 Kd4 78.
g8=Q Kc3 79. Qg4 Kd2 80. Qg3 Ke2 81. Qc3 Kf2 82. Kg6 Ke2 83. Kf5 Kf2 84. Kf4
Ke2 85. Qc2+ Kf1 86. Kf3 Kg1 87. Qg2# 1-0

[Event "ICS rated blitz match"]
[Site "204.178.125.65"]
[Date "2000.02.05"]
[Round "?"]
[White "grobdigger"]
[Black "Hossa"]
[Result "0-1"]
[WhiteElo "2299"]
[BlackElo "2354"]
[PlyCount "72"]

1. g4 e5 2. d3 d5 3. h3 Bc5 4. Bg2 Ne7 5. Nc3 O-O 6. e4 Be6 7. Nf3 Nd7 8. Bg5
f6 9. Bd2 c6 10. a3 Qb6 11. O-O Qxb2 12. Na4 Qb5 13. c4 dxc4 14. Rb1 Qa6 15.
Nxc5 Nxc5 16. Bb4 b6 17. d4 exd4 18. Nxd4 Rad8 19. Bxc5 bxc5 20. Nxe6 Rxd1 21.
Rfxd1 c3 22. Rbc1 Qxa3 23. Nxf8 Kxf8 24. Bf1 Kf7 25. Bc4+ Kg6 26. Rc2 Qa4 27.
Bd3 c4 28. Rcc1 cxd3 29. Rxd3 Qxe4 30. Rdxc3 Qd4 31. Rc4 Qd3 32. R4c3 Qd7 33.
Ra3 Qd2 34. Rca1 Nc8 35. Ra5 Qe2 36. Rc5 Qf3 0-1

[Event "ICS rated blitz match"]
[Site "204.178.125.65"]
[Date "2000.02.05"]
[Round "?"]
[White "Hossa"]
[Black "grobdigger"]
[Result "1-0"]
[WhiteElo "2367"]
[BlackElo "2286"]
[PlyCount "51"]

1. e4 e6 2. d4 d5 3. Nc3 Bb4 4. a3 Bxc3+ 5. bxc3 dxe4 6. Qg4 Nf6 7. Qxg7 Rg8 8.
Qh6 Nbd7 9. Bg5 Rg6 10. Qh4 c5 11. dxc5 Qa5 12. Ne2 Qxc5 13. Be3 Qc7 14. Rd1 b6
15. c4 e5 16. Nc3 Bb7 17. Nb5 Qb8 18. g3 Bc6 19. Nd6+ Kf8 20. Bh3 Nc5 21. Bf5
Nd3+ 22. cxd3 Qxd6 23. dxe4 Qe7 24. Bxg6 fxg6 25. Bg5 Kg7 26. Bxf6+ 1-0

[Event "ICS rated blitz match"]
[Site "204.178.125.65"]
[Date "2000.02.05"]
[Round "?"]
[White "Enfatico"]
[Black "Hossa"]
[Result "0-1"]
[WhiteElo "2124"]
[BlackElo "2410"]
[PlyCount "28"]

1. e4 e5 2. Nf3 Nc6 3. Bb5 Nf6 4. Bxc6 dxc6 5. O-O Bg4 6. h3 Bh5 7. g4 Bg6 8.
Nxe5 Bxe4 9. Re1 Bc5 10. Nd3 Bd4 11. g5 Qd6 12. gxf6 Qg3+ 13. Kf1 Qxh3+ 14. Ke2
Bf3# 0-1

[Event "ICS rated bullet match"]
[Site "204.178.125.65"]
[Date "2000.02.05"]
[Round "?"]
[White "JSBach"]
[Black "Hossa"]
[Result "0-1"]
[WhiteElo "1992"]
[BlackElo "2440"]
[PlyCount "62"]
[EventDate "2000.??.??"]

1. e4 e5 2. Bc4 Nf6 3. Nf3 Nxe4 4. Nxe5 d5 5. Qh5 g6 6. Qe2 Bg7 7. Nf3 O-O 8.
Bb5 c6 9. Bd3 Re8 10. O-O Ng3 11. fxg3 Rxe2 12. Bxe2 Qb6+ 13. d4 Bxd4+ 14. Nxd4
Qxd4+ 15. Rf2 Bg4 16. c3 Qa4 17. Rf4 Qc2 18. Bxg4 Qxc1+ 19. Bd1 Qxb2 20. Rb4
Qxa1 21. Rxb7 Qxa2 22. g4 Nd7 23. c4 Nc5 24. Rb4 Nd3 25. Be2 Qxe2 26. h3 Qe1+
27. Kh2 Qxb4 28. cxd5 Qf4+ 29. Kg1 Qf2+ 30. Kh2 Nf4 31. dxc6 Qxg2# 0-1

[Event "ICS rated blitz match"]
[Site "204.178.125.65"]
[Date "2000.02.05"]
[Round "?"]
[White "petur3"]
[Black "Hossa"]
[Result "0-1"]
[WhiteElo "2174"]
[BlackElo "2420"]
[PlyCount "30"]

1. e4 e5 2. Nf3 Nc6 3. Bb5 Nf6 4. O-O Bc5 5. Nxe5 Nd4 6. Bc4 Qe7 7. Nxf7 d5 8.
Bxd5 Bg4 9. f3 Nxf3+ 10. Kh1 Nxh2 11. Rxf6 Qxf6 12. Qe1 Bf2 13. e5 Qh4 14. Qxf2
Qxf2 15. Nxh8 O-O-O 0-1

[Event "ICS rated standard match"]
[Site "204.178.125.65"]
[Date "2000.02.05"]
[Round "?"]
[White "undin"]
[Black "Hossa"]
[Result "0-1"]
[WhiteElo "1955"]
[BlackElo "2246"]
[PlyCount "76"]

1. Nc3 d5 2. d4 Bf5 3. Bf4 e6 4. Nf3 Bd6 5. Bg5 f6 6. Bd2 Nc6 7. g3 g5 8. Bg2
Qd7 9. Nb5 Nb4 10. Nxd6+ Qxd6 11. Bxb4 Qxb4+ 12. c3 Qxb2 13. O-O Qxc3 14. e3 c6
15. Rc1 Qb2 16. a4 Ne7 17. Re1 Qb4 18. h4 h6 19. h5 b5 20. Ra1 Be4 21. Bh3 g4
22. Bxg4 f5 23. Bh3 Bxf3 24. Qxf3 bxa4 25. Reb1 Qa5 26. Qd1 Qc7 27. Rxa4 Rg8
28. Kh2 a5 29. f4 Nc8 30. Ra2 Nd6 31. Rab2 Ne4 32. g4 Nc3 33. Qc2 Nxb1 34. gxf5
Na3 35. Qc5 Nc4 36. Re2 Rb8 37. f6 Kf7 38. e4 Qxf4+ 0-1

[Event "ICS rated blitz match"]
[Site "204.178.125.65"]
[Date "2000.02.05"]
[Round "?"]
[White "Hossa"]
[Black "EgoBasher"]
[Result "0-1"]
[WhiteElo "2426"]
[BlackElo "2463"]
[PlyCount "72"]
[EventDate "2000.??.??"]

1. e4 e5 2. Nf3 Nc6 3. Bb5 a6 4. Ba4 Nf6 5. O-O Nxe4 6. d4 b5 7. Bb3 d5 8. dxe5
Be6 9. c3 Bc5 10. a4 O-O 11. Nbd2 Qe7 12. axb5 axb5 13. Rxa8 Rxa8 14. Bc2 Bf5
15. Nxe4 Bxe4 16. Bxe4 dxe4 17. Qd5 exf3 18. Qxc6 Rd8 19. b4 Bb6 20. Qxb5 fxg2
21. Kxg2 Qe6 22. Bf4 Qg4+ 23. Bg3 h5 24. Kh1 Kh7 25. f4 Rd2 26. Qc6 h4 27. Qe4+
Kh6 28. Qc6+ f6 29. Qa8 hxg3 30. Qh8+ Kg6 31. hxg3 Qf5 32. Re1 Be3 33. Qxg7+
Kxg7 34. exf6+ Kxf6 35. Re2 Qh3+ 36. Rh2 Qxh2# 0-1

[Event "ICS rated standard match"]
[Site "204.178.125.65"]
[Date "2000.02.05"]
[Round "?"]
[White "Hossa"]
[Black "germanicus"]
[Result "0-1"]
[WhiteElo "2251"]
[BlackElo "2431"]
[PlyCount "90"]
[EventDate "2000.??.??"]

1. e4 e5 2. Nf3 Nf6 3. Nc3 Nc6 4. Bc4 Nxe4 5. Nxe4 d5 6. Bd3 dxe4 7. Bxe4 Nb4
8. a3 f5 9. Bxb7 Bxb7 10. axb4 Bxb4 11. Qe2 Qd5 12. Qxe5+ Qxe5+ 13. Nxe5 Bxg2
14. Rg1 Be4 15. Rxg7 Bf8 16. Rxc7 Bd6 17. Raxa7 Bxe5 18. Rxa8+ Bxa8 19. Rc5 Bd4
20. Rxf5 Rg8 21. c3 Rg1+ 22. Ke2 Bb6 23. Rf6 Bc7 24. Re6+ Kd7 25. Ra6 Bg2 26.
Ra1 h5 27. h4 Rh1 28. d4 Bf1+ 29. Kf3 Bc4 30. b4 Re1 31. Kg2 Bd5+ 32. f3 Re2+
33. Kg1 Bh2+ 34. Kf1 Bc4 35. Ra7+ Kd6 36. Bd2 Rxd2+ 37. Ke1 Bf4 38. b5 Rg2 39.
Kd1 Bd3 40. Ra6+ Kd5 41. c4+ Kxd4 42. Re6 Rb2 43. Ke1 Bg3+ 44. Kd1 Kc3 45. b6
Rb1# 0-1

[Event "ICS rated standard match"]
[Site "204.178.125.65"]
[Date "2000.02.05"]
[Round "?"]
[White "Hossa"]
[Black "chesskeats"]
[Result "1-0"]
[WhiteElo "2243"]
[BlackElo "2027"]
[PlyCount "77"]

1. e4 c5 2. Nf3 d6 3. d4 cxd4 4. Nxd4 Nf6 5. Nc3 a6 6. Be2 e5 7. Nb3 Be7 8. O-O
O-O 9. Be3 Be6 10. Qd2 Nbd7 11. Rad1 Qc7 12. Rfe1 b5 13. Bd3 Nb6 14. Bg5 b4 15.
Nb1 a5 16. c3 a4 17. Nc1 b3 18. axb3 axb3 19. Na3 Na4 20. c4 Nc5 21. Bb1 Rxa3
22. bxa3 Bxc4 23. Qc3 Na4 24. Qf3 Be6 25. Bxf6 Bxf6 26. Nxb3 Rb8 27. Rc1 Qb7
28. Nd2 Bg5 29. Rc2 Nc5 30. Rd1 Qd7 31. Qg3 Bf4 32. Qc3 Qb5 33. h3 Qe2 34. Qf3
Qb5 35. Kh1 Qa5 36. Nc4 Qb5 37. Nxd6 Qxb1 38. Rxc5 Qb6 39. Rb5 1-0

[Event "ICS rated standard match"]
[Site "204.178.125.65"]
[Date "2000.02.05"]
[Round "?"]
[White "chessbrother"]
[Black "Hossa"]
[Result "0-1"]
[WhiteElo "1855"]
[BlackElo "2250"]
[PlyCount "54"]
[EventDate "2000.??.??"]

1. e4 e5 2. Nf3 Nc6 3. Bc4 Bc5 4. b4 Bxb4 5. c3 Ba5 6. Qb3 Qf6 7. O-O d6 8. h3
Bb6 9. d3 Na5 10. Qa4+ Bd7 11. Bb5 c6 12. Bc4 Nxc4 13. Qxc4 Bxh3 14. Ng5 Bg4
15. Be3 h6 16. Nh3 Bxh3 17. gxh3 Qf3 18. Nd2 Qxh3 19. Rfe1 Nf6 20. Nf1 Qg4+ 21.
Ng3 Nh5 22. Kh2 Nf4 23. Bxf4 Qxf4 24. f3 Bf2 25. Rg1 Qh4+ 26. Kg2 Qxg3+ 27. Kh1
Qh3# 0-1

[Event "ICS rated blitz match"]
[Site "204.178.125.65"]
[Date "2000.02.05"]
[Round "?"]
[White "Hossa"]
[Black "sergor"]
[Result "1-0"]
[WhiteElo "2416"]
[BlackElo "2302"]
[PlyCount "38"]
[EventDate "2000.??.??"]

1. e4 c5 2. Nf3 e6 3. d4 cxd4 4. Nxd4 a6 5. c4 Qc7 6. Nc3 Nf6 7. Bd3 Bd6 8. Qa4
Bc5 9. Ndb5 Qb6 10. O-O Ng4 11. Nd1 O-O 12. Be2 Ne5 13. b4 Be7 14. c5 Qd8 15.
Ne3 Nbc6 16. Bb2 b6 17. Nd6 bxc5 18. bxc5 Bxd6 19. cxd6 Qa5 1-0

[Event "ICS unrated blitz match"]
[Site "204.178.125.65"]
[Date "2000.02.05"]
[Round "?"]
[White "Yobes"]
[Black "Hossa"]
[Result "1-0"]
[WhiteElo "1872"]
[BlackElo "2439"]
[PlyCount "59"]

1. e4 Nf6 2. e5 Nd5 3. c4 Nb6 4. d4 d6 5. f4 dxe5 6. fxe5 Nc6 7. Be3 Bf5 8. Nf3
e6 9. Nc3 Qd7 10. d5 Nb4 11. Nd4 exd5 12. cxd5 O-O-O 13. Bb5 c6 14. O-O N6xd5
15. Nxd5 Nxd5 16. Nxf5 Nxe3 17. Nxe3 Bc5 18. Qf3 Qd4 19. Bxc6 Qxe3+ 20. Kh1 Kb8
21. Bxb7 Qxf3 22. Bxf3 Bd4 23. Be4 Rdf8 24. Rad1 Bxe5 25. Rd7 f5 26. Rb7+ Kc8
27. Rc1+ Kd8 28. Bc6 Bf4 29. Rc4 Bc7 30. Rxa7 1-0

[Event "ICS unrated blitz match"]
[Site "204.178.125.65"]
[Date "2000.02.05"]
[Round "?"]
[White "Yobes"]
[Black "Hossa"]
[Result "1-0"]
[WhiteElo "1872"]
[BlackElo "2439"]
[PlyCount "61"]

1. e4 Nf6 2. e5 Nd5 3. c4 Nb6 4. d4 d6 5. f4 dxe5 6. fxe5 Nc6 7. Be3 Bf5 8. Nf3
Nb4 9. Na3 e6 10. Be2 Be7 11. O-O O-O 12. Qd2 a5 13. Bf4 c5 14. Nb5 cxd4 15.
Nfxd4 Bc5 16. Kh1 Bg6 17. a3 Nc2 18. Rad1 Nxd4 19. Nxd4 Bxd4 20. Qxd4 Bc2 21.
Rd2 Qxd4 22. Rxd4 Rad8 23. Rd6 Nc8 24. Rxd8 Rxd8 25. b4 a4 26. c5 Na7 27. Rc1
Bb3 28. b5 f6 29. exf6 gxf6 30. c6 bxc6 31. Bc7 1-0

[Event "ICS unrated blitz match"]
[Site "204.178.125.65"]
[Date "2000.02.05"]
[Round "?"]
[White "Hossa"]
[Black "Yobes"]
[Result "0-1"]
[WhiteElo "2439"]
[BlackElo "1872"]
[PlyCount "24"]

1. b4 c6 2. e4 d5 3. exd5 cxd5 4. Nf3 Nf6 5. a3 Bg4 6. Be2 e6 7. Ne5 Bxe2 8.
Qxe2 Nbd7 9. Bb2 Rc8 10. Nxd7 Nxd7 11. d3 Qc7 12. c3 Bd6 0-1

[Event "ICS unrated blitz match"]
[Site "204.178.125.65"]
[Date "2000.02.05"]
[Round "?"]
[White "Hossa"]
[Black "Yobes"]
[Result "0-1"]
[WhiteElo "2439"]
[BlackElo "1872"]
[PlyCount "31"]

1. e4 e5 2. Nf3 Nc6 3. Bc4 Nf6 4. d4 exd4 5. O-O Nxe4 6. Re1 d5 7. Bxd5 Qxd5 8.
Nc3 Qc4 9. Nxe4 Be6 10. Bg5 h6 11. Bh4 g5 12. Bg3 O-O-O 13. Ne5 Qd5 14. Nf6 Qb5
15. Nxc6 Qxc6 16. Be5 0-1